Nerón.
Gespeichert in:
| 1. Verfasser: | |
|---|---|
| Weitere Verfasser: | |
| Format: | Buch |
| Veröffentlicht: |
Barcelona, España:
Ediciones Grijalbo,
1974.
|
| Ausgabe: | Segunda edición. |
| Schlagworte: | |
| Tags: |
Tag hinzufügen
Keine Tags, Fügen Sie den ersten Tag hinzu!
|
MARC
| LEADER | 00000nam a2200000 a 4500 | ||
|---|---|---|---|
| 001 | UCO0390 | ||
| 003 | CL-VaPUC | ||
| 005 | 20220822114524.0 | ||
| 008 | 220624t1974 ||||| |||| 00| 0 eng d | ||
| 999 | |c 436346 |d 436344 | ||
| 040 | |c Pontificia Universidad Católica de Valparaíso | ||
| 082 | 7 | |a 937.07 WAL 1974 |2 22 | |
| 100 | |a Walter, Gérard |e autor |9 567714 | ||
| 245 | 1 | 3 | |a Nerón. |
| 250 | |a Segunda edición. | ||
| 260 | |a Barcelona, España: |b Ediciones Grijalbo, |c 1974. | ||
| 300 | |a 385 páginas. | ||
| 500 | |a c.1 Donación Familia Prof. Alejandro Guzmán Brito. | ||
| 583 | |a last modification |c 20160817 11:30:18 |k Cristina María Rojas Aguilar | ||
| 600 | 0 | |a Nerón |9 438109 |d 37-68. |x Emperador de Roma | |
| 651 | |a Roma |x Historia |x Imperio |y 31 a.C.-476 d.C. |9 871531 | ||
| 700 | |a Cuesta, Manuel |e versión española |9 871466 | ||
| 942 | |c BK |2 ddc |n 0 | ||
| 952 | |0 0 |1 0 |2 ddc |4 0 |6 937_070000000000000_WAL_1974 |7 0 |8 C_AGB |9 584057 |a BIBDER |b BIBDER |d 2022-06-24 |e Donación |i 5652114 |o 937.07 WAL 1974 |p 5652114 |r 2023-01-25 |t 1 |w 2022-06-24 |y BK_US |k AGB | ||